LIBRARY ONLINE CATALOGUE

Criminal law / (Record no. 12148)

MARC details
000 -LEADER
fixed length control field 00580cam a22002052 4500
001 - CONTROL NUMBER
control field 0000020541
005 - DATE AND TIME OF LATEST TRANSACTION
control field 20151217155229.0
008 - FIXED-LENGTH DATA ELEMENTS--GENERAL INFORMATION
fixed length control field 110921s xx 000 0 eng d
020 ## - INTERNATIONAL STANDARD BOOK NUMBER
International Standard Book Number 0421554606 :
040 ## - CATALOGING SOURCE
Original cataloging agency KABU
Transcribing agency KABU
100 1# - MAIN ENTRY--PERSONAL NAME
Personal name Childs, Penny.
-- 0000180896
245 10 - TITLE STATEMENT
Title Criminal law /
Statement of responsibility, etc. Penny Childs.
250 ## - EDITION STATEMENT
Edition statement 1st ed.
260 ## - PUBLICATION, DISTRIBUTION, ETC. (IMPRINT)
Place of publication, distribution, etc. London :
Name of publisher, distributor, etc. Sweet & Maxwell,
Date of publication, distribution, etc. 1996.
300 ## - PHYSICAL DESCRIPTION
Extent xiv, 165 p.
650 #0 - SUBJECT ADDED ENTRY--TOPICAL TERM
Topical term or geographic name as entry element Criminal law
Geographic subdivision Great Britain.
-- 0000160360
852 1# - LOCATION
-- p750 KES
908 ## - PUT COMMAND PARAMETER (RLIN)
Put command parameter 110921
950 ## - LOCAL HOLDINGS (RLIN)
-- 1
Holdings
Withdrawn status Lost status Source of classification or shelving scheme Not for loan Home library Current library Date acquired Total Checkouts Total Renewals Full call number Barcode Date last seen Date last checked out Price effective from Koha item type
    Library of Congress Classification   Kabarak, Main Campus Kabarak, Main Campus 17/12/2015 14 2 KD7869.3 .C45 1996 c. 1 21726 01/11/2019 01/11/2019 17/12/2015 General Collection